Public administration / (Record no. 2692)

MARC details
000 -LEADER
fixed length control field 00631nam a2200193 4500
001 - CONTROL NUMBER
control field 3330
005 - DATE AND TIME OF LATEST TRANSACTION
control field 20181127171028.0
010 00 - LIBRARY OF CONGRESS CONTROL NUMBER
LC control number
020 00 - INTERNATIONAL STANDARD BOOK NUMBER
International Standard Book Number 8121903408
090 00 - LOCALLY ASSIGNED LC-TYPE CALL NUMBER (OCLC); LOCAL CALL NUMBER (RLIN)
Classification number (OCLC) (R) ; Classification number, CALL (RLIN) (NR) 351 B5751p 2011
100 00 - MAIN ENTRY--PERSONAL NAME
Personal name Bhagwan, Vishnoo.
245 00 - TITLE STATEMENT
Title Public administration /
Remainder of title
Statement of responsibility, etc. Dr. Vishnoo Bhagwan and Dr. Vidya Bhushan.
Medium
250 00 - EDITION STATEMENT
Edition statement Rev. ed.
260 00 - PUBLICATION, DISTRIBUTION, ETC.
Place of publication, distribution, etc. New Delhi :
Name of publisher, distributor, etc. S. Chand,
Date of publication, distribution, etc. 2011.
300 00 - PHYSICAL DESCRIPTION
Extent 698 p.
500 00 - GENERAL NOTE
General note For the aspirants of Civil Services-Central and State, Honours and Postgraduate students of Different Indian University.
650 00 - SUBJECT ADDED ENTRY--TOPICAL TERM
Topical term or geographic name entry element Public administration.
General subdivision
700 ## - ADDED ENTRY--PERSONAL NAME
Personal name Bhushan, Vidya.
Numeration
Titles and other words associated with a name
Dates associated with a name
Relator term
Form subheading
Language of a work
Medium of performance for music
Number of part/section of a work
Arranged statement for music
Name of part/section of a work
Fuller form of name
Key for music
Version
Title of a work
Holdings
Withdrawn status Lost status Source of classification or shelving scheme Damaged status Not for loan Collection code Home library Current library Shelving location Serial Enumeration / chronology Inventory number Total Checkouts Full call number Barcode Date last seen Price effective from Koha item type
    Dewey Decimal Classification     Main TEST RTC Library RTC Library Main opac 5794   351 BHA 30003679 27/11/2018 27/11/2018 Main
Royal Thimphu College || All Right Reserved